| 000 | 00871nam a2200253 u 4500 | ||
|---|---|---|---|
| 005 | 20240316063925.0 | ||
| 008 | 091118s2006 mx r 000 0 spa d | ||
| 020 | _a9701056175 (10 dígitos) | ||
| 020 | _a9789701056172 (13 dígitos) | ||
| 035 | _aUPN01000173803 | ||
| 049 | _aCG | ||
| 050 | 4 |
_aLB2343.3 _bF4.2 2006 |
|
| 100 | 1 |
_aFeldman, Robert Stephen, _d1947- |
|
| 245 | 1 | 0 |
_aAprendizaje con poder / _cRobert S. Feldman ; tr. María Guadalupe Cevallos Almada. |
| 250 | _a2a ed. | ||
| 260 |
_aMéxico : _bMcGraw-Hill Interamericana, _cc2006. |
||
| 300 |
_a421 p. : _btablas., il. |
||
| 534 |
_pTítulo original: _tP.O.W.E.R. Learning strategies for success in college and life |
||
| 650 | 4 |
_aORIENTACION ESTUDIANTIL EN EDUCACION SUPERIOR _914820 |
|
| 650 | 4 |
_aAPTITUD DE APRENDIZAJE _95057 |
|
| 650 | 4 |
_aÉxito _97041 |
|
| 905 | _aLibro | ||
| 999 |
_c145907 _d145907 |
||